00237nam a22000977a 4500040000700000082000800007100003000015245004600045260003800091300001000129 cHS a633 aសួស ចំណាន aDrying and storage of grains and oilseeds aNAbសួស ចំណានcNA a184p.